000 00686nam a22002057a 4500
999 _c2818
_d2818
005 20181018192415.0
008 181018b ||||| |||| 00| 0 eng d
020 _a0891075712
040 _cDLC
082 _a270.82
_bC723G
100 _aColson, Charles
245 _a The God of stones and spiders;
_bletters to a church in exile
_cCharles Colson & Ellen Santilli Vaughn
260 _aIllinois
_bCrossways Book
_c1990
300 _axiii, 221p,;
500 _aincludes index [217-221]
650 _aMoral conditions
_xChristian life
_zUnited States
650 _aChurch and social problems
_xChristian ethics
650 _aChristianity and culture
_xChristian life
942 _2ddc
_cBK